| 000 | 00681nam a22002297a 4500 | ||
|---|---|---|---|
| 005 | 20170124110055.0 | ||
| 010 | _aA-901586 | ||
| 020 | _c00.00 | ||
| 035 | _aA-901586 | ||
| 037 | _bCen Lib/Ret | ||
| 040 |
_aDPL _bEN |
||
| 082 |
_a658 _bCHA |
||
| 100 |
_aChandan, J.S. _926265 |
||
| 245 |
_aManagement : _cby J.S.Chandan _bconcepts and strategies / |
||
| 260 |
_bVikas Publishing House Pvt. Ltd _aNew Delhi _c1997 |
||
| 270 |
_a576, Masjid Road, Jangpura _bNew Delhi _e110014 |
||
| 300 |
_axi,552p. : _c24cm(Hb) _bill. |
||
| 500 | _aIncludes index | ||
| 650 |
_aManagement. _93072 |
||
| 650 |
_aEvolution of management _926266 |
||
| 942 |
_2ddc _cEN _h658 _mCHA |
||
| 999 |
_c129402 _d129402 |
||